Child laboer problem / (Record no. 37699)

MARC details
000 -LEADER
fixed length control field 00735nam a22002057a 4500
005 - DATE AND TIME OF LATEST TRANSACTION
control field 20100726125153.0
010 ## - LCCN (DPL NO)
LC control number ENG-96924
020 ## - INTERNATIONAL STANDARD BOOK NUMBER
International Standard Book Number 9788189337416
Terms of availability 650.00
035 ## - SYSTEM CONTROL NUMBER
System control number EN-80457
037 ## - SOURCE OF ACQUISITION
Source of stock number/acquisition DBAD/PUB
082 ## - DEWEY DECIMAL CLASSIFICATION NUMBER
Classification number 331.40
100 ## - MAIN ENTRY--PERSONAL NAME
Personal name Mujawar, Wasiyoddin R.
245 ## - TITLE STATEMENT
Title Child laboer problem /
Statement of responsibility, etc Wasiyoddin R. Mujawar
260 ## - PUBLICATION, DISTRIBUTION, ETC. (IMPRINT)
Place of publication, distribution, etc New Delhi
Name of publisher, distributor, etc Arise Publishers
Date of publication, distribution, etc 2008
270 ## - ADDRESS
Address 4648/1, 21, Ansari Road, Darya Gang,
City New Delhi
Postal code 110002
300 ## - PHYSICAL DESCRIPTION
Extent vii, 245 p.
Dimensions 24cm
500 ## - GENERAL NOTE
General note Includes bibliographical references
942 ## - ADDED ENTRY ELEMENTS (KOHA)
Source of classification or shelving scheme Dewey Decimal Classification
Item type English Books
Classification part 331.40
Call number suffix MUJ
Holdings
Withdrawn status Lost status Not for loan Collection code Home library Current library Date acquired Cost, normal purchase price Full call number Barcode Copy number Cost, replacement price Koha item type
    Not For Loan Non-fiction D.B.Act.Division D.B.Act.Division 26/07/2010 650.00 331.40 MUJ EN-80457 1 650.00 English Books

© Delhi Public Library
Hit Counter
free hit counter